| 000 | 00932nam a2200277 i 4500 | ||
|---|---|---|---|
| 005 | 20260315105705.0 | ||
| 008 | 260312t20252025my a gr 000 1 may d | ||
| 020 |
_a9786299626718 _cRM47.00 _qpaperback |
||
| 040 |
_aPPAK _beng _cPPAK _erda |
||
| 082 | 0 | 4 |
_223 _a899.2333 |
| 090 | 0 | 0 |
_a899.2333 _bEMM _dG |
| 100 | 0 |
_aEmmiyya, _eauthor. |
|
| 245 | 1 | 0 |
_aMasihkah Ada Kita? / _cEMMIYYA ; Penyunting: Era Ishak & Ainul Tajul ; Ilustrasi objek: Kiadesign |
| 264 | 1 |
_aSkudai, Johor Darul Ta'zim, _bInk Loaf Publication, _c[2025?] |
|
| 264 | 4 | _c©2025 | |
| 300 |
_a529 pages : _billustrations ; _c21 cm |
||
| 336 |
_atext _2rdacontent |
||
| 337 |
_aunmediated _2rdamedia |
||
| 338 |
_avolume _2rdacarrier |
||
| 650 | 1 | 0 | _aMalay fiction |
| 650 | 2 | 4 | _aMalaysian fiction |
| 700 | 0 |
_aEra Ishak, _eeditor. |
|
| 700 | 0 |
_aAinul Tajul, _eeditor. |
|
| 710 | 2 |
_aKiadesign, _eillustrator. |
|
| 942 |
_2ddc _cB |
||
| 999 |
_c203421 _d203421 |
||